000 00465nam a22001697a 4500
003 OSt
005 20211103165344.0
008 211103b |||||||| |||| 00| 0 eng d
020 _a0 12 361350 7
040 _cHawassa university
050 _a633.171/HUL
082 _a633.171/HUL
100 _aHulse joseph h.
_916830
245 _aSorghum and the millets; The composition and nutritive value
260 _aLondon
_bAcademic press
_c1980
942 _2ddc
_cBOOKS
_n0
999 _c16589
_d16589